| 000 | 00390nam a2200133Ia 4500 | ||
|---|---|---|---|
| 008 | 220216s9999 xx 000 0 und d | ||
| 100 | _aManoj-Kumar | ||
| 245 | 0 | _aNorth East India: Soil and water management imperatives for food security in a changing climate | |
| 260 |
_bCurrent Science _c2011 |
||
| 300 | _a1119 | ||
| 650 | _aClimate change | ||
| 650 | _aNorth East India | ||
| 942 | _cJS | ||
| 999 |
_c64031 _d64031 |
||